000 00896nam a2200241 i 4500
001 14305
003 ES-MaACL
005 20230906150753.0
007 t|
008 981207s1998 sp ||||1| spa d
020 _a84-921128-3-2
080 _a929 Musso Valiente, José
080 _a860 Musso Valiente, José 1.06
245 0 0 _aJosé Musso Valiente
_b: (1785-1838) : vida y obra.
260 _aMurcia :
_bFundación Centro de Estudios Históricos e Investigaciones Locales de la Región de Murcia,
_c[1998]
300 _a137 p. :
_bil. ;
_c24 cm.
490 1 _aMurcianos para el recuerdo ;
_v1
600 1 4 _aMusso y Valiente, José (
_d1785-1838)
_984702
710 2 _aFundación Centro de Estudios Históricos e Investigaciones Locales de la Región de Murcia.
_94251
830 1 _aMurcianos para el recuerdo ;
_v1
_9228502
852 _aES-MaACL
_jL-21510
999 _c14305
_d14305